LIBRARY & INFORMATION CENTRE, KCAET, TAVANUR

ONLINE PUBLIC ACCESS CATALOGUE (OPAC)

Glossery of terms and clarfication of Earth-Moving machinery / (Record no. 3060)

MARC details
000 -LEADER
fixed length control field 00695cam a2200157ua 4500
041 ## - LANGUAGE CODE
Language code of text/sound track or separate title eng
082 ## - DEWEY DECIMAL CLASSIFICATION NUMBER
Classification number 621.879
Item number IND/GL
245 00 - TITLE STATEMENT
Title Glossery of terms and clarfication of Earth-Moving machinery /
250 ## - EDITION STATEMENT
Edition statement 1 /
260 ## - PUBLICATION, DISTRIBUTION, ETC. (IMPRINT)
Place of publication New Delhi :
Name of publisher Indian standards Institution ,
Year of publication 1970.
300 ## - PHYSICAL DESCRIPTION
Number of Pages 8 ; .
942 ## - ADDED ENTRY ELEMENTS (KOHA)
Koha item type Books
Holdings
Withdrawn status Lost status Damaged status Home library Current library Date acquired Full call number Accession Number Koha item type
      KAUAET KAUAET 07/04/2012 621.879 17494 Standards
free website counter